| 000 | 00514nam a22001817a 4500 | ||
|---|---|---|---|
| 003 | CEME | ||
| 005 | 20210628202908.0 | ||
| 008 | 210126b xxu||||| |||| 00| 0 eng d | ||
| 020 | _a3-540-25195-2 | ||
| 040 | _c. | ||
| 082 | _a629.314 GUZ | ||
| 100 |
_aGuzzella, Lino Sciarretta, Antonio _962205 |
||
| 245 | _aVehicle propulsion systems introduction to modeling and optimization | ||
| 260 |
_aNEW YORK _bSPRINGER _c2005 |
||
| 300 | _aX,293 P | ||
| 650 |
_aVEHICLE PROPULSION SYSTEMS _962206 |
||
| 942 |
_cBK _2ddc |
||
| 999 |
_c571387 _d571387 |
||